Welcome to CU Library Online Public Access Catalogue (OPAC)

The new ethics of journalism : (Record no. 7413)

MARC details
000 -LEADER
fixed length control field 00777cam a2200205 i 4500
001 - CONTROL NUMBER
control field 17712867
005 - DATE AND TIME OF LATEST TRANSACTION
control field 20250901132432.0
008 - FIXED-LENGTH DATA ELEMENTS--GENERAL INFORMATION
fixed length control field 130426s2014 cauab b 001 0 eng
020 ## - INTERNATIONAL STANDARD BOOK NUMBER
International Standard Book Number 9781604265613
Qualifying information pbk. : acid-free paper
020 ## - INTERNATIONAL STANDARD BOOK NUMBER
Canceled/invalid ISBN 9781483301334 (web pdf)
050 00 - LIBRARY OF CONGRESS CALL NUMBER
Classification number PN4756
Item number .N49 2014
082 00 - DEWEY DECIMAL CLASSIFICATION NUMBER
Classification number 174/.907
Edition information 23
245 04 - TITLE STATEMENT
Title The new ethics of journalism :
Remainder of title principles for the 21st century /
Statement of responsibility, etc. Kelly McBride, The Poynter Institute ; Tom Rosenstiel, American Press Institute [editors].
300 ## - PHYSICAL DESCRIPTION
Extent xii, 243 pages :
Other physical details illustrations, map ;
Dimensions 23 cm
650 #0 - SUBJECT ADDED ENTRY--TOPICAL TERM
Topical term or geographic name entry element Journalistic ethics.
650 #0 - SUBJECT ADDED ENTRY--TOPICAL TERM
Topical term or geographic name entry element Journalism
General subdivision History
Chronological subdivision 21st century.
700 1# - ADDED ENTRY--PERSONAL NAME
Personal name McBride, Kelly,
Relator term editor of compilation.
700 1# - ADDED ENTRY--PERSONAL NAME
Personal name Rosenstiel, Tom,
Relator term editor of compilation.
942 ## - ADDED ENTRY ELEMENTS (KOHA)
Source of classification or shelving scheme Library of Congress Classification
Koha item type Books
Suppress in OPAC No
999 ## -
-- 7413
-- 7413
Holdings
Withdrawn status Lost status Source of classification or shelving scheme Damaged status Not for loan Collection Home library Current library Shelving location Date acquired Total checkouts Full call number Barcode Date last seen Copy number Price effective from Koha item type
    Library of Congress Classification     Non-fiction Undergraduate Library (Christ Temple) Undergraduate Library (Christ Temple) General stacks 09/01/2025   PN4756.N49 NEW ulct00004549 09/01/2025 1 09/01/2025 Books
© 2023-2024 Copyright: Central University Libraries. All Rights Reserved | Created by: Mahone Tech Office